| 000 | 00440nam a2200109Ia 4500 | ||
|---|---|---|---|
| 008 | 220616s9999||||xx |||||||||||||| ||und|| | ||
| 245 | 0 |
_aImplementing Innovative Social Investment _bStrategic Lessons from Europe |
|
| 546 | _aEnglish[eng] | ||
| 650 | _aSocial investment||civil society||early intervention||labour market activation||social innovation | ||
| 700 | _aBaines, Susan||Bassi, Andrea||Csoba, Judit||Sipos, Flórián | ||
| 942 | _cEB | ||
| 999 |
_c20549 _d20549 |
||